Score 0/20 Timer 03:00
0 Plays Today
% Correct
Bed
99.7%
Lamp
98.8%
Toilet
98.4%
Couch
98.4%
Dining Table
98.3%
Refrigerator
98.2%
Bathtub
97.9%
Microwave
97.9%
Desktop Computer
97.8%
Stove
97.7%
% Correct
Television
97.5%
Sink
96.7%
Washer and Dryer
96.7%
Recliner
96.7%
Dishwasher
96.4%
Pantry
95.8%
Fireplace
95.8%
Barbecue
95.3%
Freezer
95.1%
Shower
94.2%
Remove Ads.
Support Sporcle.
Get the best of Sporcle when you Go Orange. This ad-free experience offers more features, more stats, and more fun while also helping to support Sporcle. Thank you for becoming a member.

You're not logged in!

Compare scores with friends on all Sporcle quizzes.
OR
Log In

Show Comments

Extras

Top Quizzes Today


Score Distribution

Your Account Isn't Verified!

In order to create a playlist on Sporcle, you need to verify the email address you used during registration. Go to your Sporcle Settings to finish the process.

Report this User

Report this user for behavior that violates our Community Guidelines.

Details: